Art as a social system = El arte como un sistema social /
Spremljeno u:
| Glavni autor: | |
|---|---|
| Format: | Nepoznato |
| Jezik: | English |
| Izdano: |
Stanford, California :
Stanford University Press,
2000.
|
| Teme: | |
| Oznake: |
Dodaj oznaku
Bez oznaka, Budi prvi tko označuje ovaj zapis!
|
MARC
| LEADER | 000000000a22000000004500 | ||
|---|---|---|---|
| 001 | 013946 | ||
| 020 | |a 0804739064 | ||
| 041 | 0 | |a eng | |
| 082 | 0 | 4 | |a 306.4 |b L951a |
| 100 | 1 | |a Luhmann, Niklas, |d 1927-1998. | |
| 245 | 1 | 0 | |a Art as a social system = |b El arte como un sistema social / |c Niklas Luhmann. |
| 246 | 3 | 1 | |a El arte como un sistema social |
| 260 | 1 | |a Stanford, California : |b Stanford University Press, |c 2000. | |
| 300 | |a 422 páginas ; |c 24 cm. | ||
| 650 | 4 | |a ESTETICA | |
| 650 | 4 | |a ARTE Y SOCIEDAD | |
| 500 | |a Colección George Yúdice | ||
| 999 | |c 19855 |d 19855 | ||
| 942 | |c BK |h 306.4 L951a |2 z | ||



